Mi amigo Luki-live / (Registro nro. 11587)

Detalles MARC
000 -LIDER
fixed length control field 00940nam a22003017a 4500
001 - NÚMERO DE CONTROL
Identificador de número de control 000561
003 - IDENTIFICACDOR DE NÚMERO DE CONTROL
control field DO-SdBNP
005 - DATE AND TIME OF LATEST TRANSACTION
control field 20180131113123.0
007 - CAMPOS FIJOS DE DESCRIPCIÓN FÍSICA
fixed length control field 000561
008 - ELEMENTOS DE LONGITUD FIJA
fixed length control field 161018b 1987 sp ||||| |||| 00| 0 spa d
020 ## - ISBN
International Standard Book Number 8420436895
040 ## - FUENTE DE CATALOGACIÓN
Agencia que crea de manera original el registro BPMSU
Idioma de catalogación spa
Agencia que realiza la transcripción BPMSU
041 17 - CÓDIGOS DE OBRAS TRADUCIDAS O EN VARIOS IDIOMAS
Código del idioma del texto/archivo de sonido o separata spa
Cód. del idioma original y/o traducciones intermedias del texto eng
082 ## - NÚMERO DE CLASIFICACIÓN DECIMAL DE DEWEY
Classification number xxxxx
Item number xxxxx
100 1# - ASIENTO PRINCIPAL -- NOMBRE PERSONAL
Nombre personal Nöstlinger, Christine,
Fechas asociadas con el nombre 1936-
240 10 - TITULO UNIFORME
Título uniforme Luki-live.
Idioma de una obra Español
245 10 - MENCIÓN DE TITULO
Título Mi amigo Luki-live /
Mención de responsabilidad Christine Nöstlinger ; traducción de Antonio de Zubiaurre.
250 ## - MENCIÓN DE EDICION
Mención de edición 3ª ed.
260 ## - PUBLICACIÓN, DISTRIBUCIÓN, ETC. (PIE DE IMPRENTA)
Lugar de publicación, distribución, etc Madrid :
Nombre del editor, distribuidor, etc. Alfaguara,
Fecha de publicación, distribución, etc 1987.
300 ## - DESCRIPCIÓN FÍSICA
Extensión 201 p. ;
Dimensiones 22 cm.
490 1# - MENCIÓN DE SERIES
Mención de serie Juvenil Alfaguara
Volume/sequential designation 202
500 ## - NOTA GENERAL
Nota general Incluye datos biográficos del autor en la solapa de la contracubierta.
700 12 - ASIENTO SECUNDARIO -- NOMBRE PERSONAL
Nombre personal Zubiaurre, Antonio de,
Mención de responsabilidad tr.
830 #0 - ASIENTO SECUNDARIO DE SERIE--TÍTULO UNIFORME
Título uniforme Juvenil Alfaguara ;
Volume number/sequential designation 202
942 ## - ADDED ENTRY ELEMENTS (KOHA)
Source of classification or shelving scheme Dewey Decimal Classification
Koha item type Libros
945 ## - INFORMACIÓN DE PROCESAMIENTO LOCAL
Información de procesamiento local Inventariado, 2018 / BT
956 ## - LOCAL ELECTRONIC LOCATION AND ACCESS (OCLC)
Método de acceso LOPEREZ
Materiales especificados 10
Enlace 20161018
Campo enlazado y núm. de secuencia BPMSU
Nombre de host 00041
Existencias
Withdrawn status Lost status Source of classification or shelving scheme Damaged status Not for loan Collection code Home library Current library Date acquired Source of acquisition Total Checkouts Full call number Barcode Date last seen Price effective from Koha item type
    Dewey Decimal Classification     Colección Juvenil General Biblioteca Pública Metropolitana Salomé Ureña Biblioteca Pública Metropolitana Salomé Ureña 10/18/2016 Sin sellar   xxxxx xxxxx BPMSU16100218 10/18/2016 10/18/2016 Libros